[Event "Orsha Open A 2018"]
[Site "Orsha"]
[Date "2018.02.03"]
[Round "8.1"]
[White "Meribanov, Vitaly"]
[Black "Shvyrjov, Igor"]
[Result "1/2-1/2"]
[WhiteElo "2396"]
[BlackElo "2389"]
[PlyCount "135"]
[EventDate "2018.01.29"]
[EventType "swiss"]
[EventRounds "9"]
[EventCountry "BLR"]

1. e4 d6 2. d4 Nf6 3. Nc3 g6 4. Nf3 Bg7 5. Be2 O-O 6. O-O Bg4 7. h3 Bxf3 8.
Bxf3 c6 9. a4 Nbd7 10. Be3 Qc7 11. Be2 a6 12. a5 c5 13. d5 e6 14. dxe6 fxe6 15.
f4 Rae8 16. Bc4 Kh8 17. Re1 Nb8 18. Bb3 Nfd7 19. Qd2 Nc6 20. Ba4 Re7 21. Rad1
Nd4 22. Ne2 b5 23. axb6 Nxb6 24. Bb3 Nxb3 25. cxb3 Rd7 26. Qc2 Qb7 27. Rd2 Nc8
28. Red1 Rc7 29. Qc4 Re8 30. Ra1 Rc6 31. Nc3 Rb6 32. e5 d5 33. Qxc5 Rxb3 34.
Bd4 Nb6 35. Ra3 Bf8 36. Qxf8+ Rxf8 37. Rxb3 Rxf4 38. Rxb6 Qf7 39. Rf2 g5 40.
Rxa6 Rxf2 41. Bxf2 Qf5 42. Ra4 Kg8 43. Bd4 Qd3 44. Bc5 h5 45. h4 g4 46. Rf4 Kh7
47. Rf7+ Kg8 48. Rf2 Kg7 49. Bf8+ Kh7 50. Bc5 d4 51. Ne2 g3 52. Nxg3 Qxg3 53.
Bxd4 Qxh4 54. Bc3 Qg4 55. Rf3 Qe4 56. Rh3 Qe2 57. Kh2 Kg6 58. Rf3 Kg5 59. Rf6
h4 60. Rf3 Kg4 61. Bd4 Qe4 62. Bc3 Qe2 63. b4 Qe4 64. Kg1 Qe2 65. Kh2 Qe4 66.
b5 Qb1 67. Rh3 Qxb5 68. Rf3 1/2-1/2

[Event "Orsha Open A 2018"]
[Site "Orsha"]
[Date "2018.02.03"]
[Round "8.2"]
[White "Filipets, Egor"]
[Black "Zarubitski, Viachaslau"]
[Result "0-1"]
[WhiteElo "2366"]
[BlackElo "2353"]
[PlyCount "110"]
[EventDate "2018.01.29"]
[EventType "swiss"]
[EventRounds "9"]
[EventCountry "BLR"]

1. d4 Nf6 2. g3 d5 3. Bg2 g6 4. Nf3 Bg7 5. O-O c6 6. Ne5 O-O 7. c4 Ng4 8. Nxg4
Bxg4 9. h3 Be6 10. cxd5 Bxd5 11. e3 Bxg2 12. Kxg2 e5 13. dxe5 Bxe5 14. Nc3 Nd7
15. Qc2 Qe7 16. e4 Nc5 17. Be3 Bxc3 18. Bxc5 Qxc5 19. Qxc3 Qxc3 20. bxc3 Rfd8
21. Rfd1 Kf8 22. Kf3 Ke7 23. Ke3 Rxd1 24. Rxd1 Rd8 25. Rb1 b6 26. g4 c5 27. Ke2
Ke6 28. a4 Ke5 29. Ke3 c4 30. f4+ Ke6 31. f5+ Kf6 32. h4 Rd3+ 33. Kf4 Rxc3 34.
Rb5 Rc1 35. g5+ Ke7 36. a5 c3 37. axb6 axb6 38. f6+ Kd7 39. Rd5+ Kc6 40. Rd8 c2
41. Ke5 Kc7 42. Rd3 b5 43. Rc3+ Kb6 44. Kd6 Rd1+ 45. Ke7 c1=Q 46. Rxc1 Rxc1 47.
Kxf7 b4 48. e5 Rc7+ 49. Kg8 Rc8+ 50. Kxh7 b3 51. e6 Kc6 52. e7 Kd7 53. h5 gxh5
54. g6 Ke6 55. Kg7 b2 0-1

[Event "Orsha Open A 2018"]
[Site "Orsha"]
[Date "2018.02.03"]
[Round "8.3"]
[White "Kononenko, Dmitry"]
[Black "Malakhatko, Vadim"]
[Result "1/2-1/2"]
[WhiteElo "2260"]
[BlackElo "2541"]
[PlyCount "99"]
[EventDate "2018.01.29"]
[EventType "swiss"]
[EventRounds "9"]
[EventCountry "BLR"]

1. Nf3 Nf6 2. c4 e6 3. d4 d5 4. cxd5 exd5 5. Nc3 c6 6. Bg5 Be7 7. e3 Bf5 8. Bd3
Bxd3 9. Qxd3 Nbd7 10. O-O O-O 11. Rab1 a5 12. a3 Ne4 13. Bxe7 Qxe7 14. Rfc1 Nd6
15. b4 axb4 16. axb4 b5 17. Nd2 Rfe8 18. Nb3 Nc4 19. Nc5 Nf6 20. Ra1 Ra7 21. h3
h6 22. Qe2 Rea8 23. Qe1 Ra3 24. Rxa3 Rxa3 25. Ra1 Qa7 26. Nb3 Kf8 27. Qc1 Rxa1
28. Qxa1 Qxa1+ 29. Nxa1 Ne4 30. Ne2 Ned2 31. Nc2 Nb2 32. Nc1 Ke7 33. Ne1 Nbc4
34. Ncd3 h5 35. h4 g6 36. g3 Kf6 37. Kg2 Kf5 38. Nf4 Kf6 39. Ned3 Ke7 40. Nc5
Ne4 41. Nfd3 Nxc5 42. Nxc5 f6 43. Na6 Nd2 44. Nc5 Ne4 45. Nd3 Nd2 46. Nf4 Kf7
47. Nd3 Ke7 48. Nf4 Kf7 49. Nd3 Ke7 50. Nf4 1/2-1/2

[Event "Orsha Open A 2018"]
[Site "Orsha"]
[Date "2018.02.04"]
[Round "9.1"]
[White "Kovalev, Vladislav"]
[Black "Zarubitski, Viachaslau"]
[Result "1-0"]
[WhiteElo "2639"]
[BlackElo "2353"]
[PlyCount "91"]
[EventDate "2018.01.29"]
[EventType "swiss"]
[EventRounds "9"]
[EventCountry "BLR"]

1. e4 c5 2. Nf3 e6 3. d4 cxd4 4. Nxd4 Nc6 5. Nc3 Qc7 6. Be2 a6 7. O-O Nf6 8.
Kh1 Be7 9. f4 d5 10. e5 Nxd4 11. Qxd4 Nd7 12. Be3 O-O 13. Qd2 b5 14. Bd3 Bb7
15. Ne2 Nb6 16. Bd4 Nc4 17. Qe1 f6 18. Qh4 f5 19. Qe1 g6 20. b3 Na5 21. Qf2 Nc6
22. Bb6 Qd7 23. c3 Rfc8 24. h3 Kf7 25. Kh2 h5 26. b4 Qe8 27. a3 Nb8 28. Rfb1
Nd7 29. Bd4 Bd8 30. Ng1 Rc6 31. a4 bxa4 32. Rxa4 Nb6 33. Raa1 Nc4 34. Nf3 Rcc8
35. g4 hxg4 36. hxg4 Qc6 37. Kg3 Be7 38. Rh1 Rh8 39. Rh2 Rxh2 40. Qxh2 Rg8 41.
Kf2 Rg7 42. gxf5 gxf5 43. Qh5+ Kg8 44. Rh1 Qa4 45. Be2 Bc6 46. Qh8+ 1-0

[Event "Orsha Open A 2018"]
[Site "Orsha"]
[Date "2018.02.04"]
[Round "9.2"]
[White "Apryshko, Gleb"]
[Black "Aleksandrov, Aleksej"]
[Result "0-1"]
[WhiteElo "2316"]
[BlackElo "2589"]
[PlyCount "42"]
[EventDate "2018.01.29"]
[EventType "swiss"]
[EventRounds "9"]
[EventCountry "BLR"]

1. g3 d5 2. Bg2 Nf6 3. d3 c6 4. h3 e5 5. e3 a5 6. Ne2 a4 7. O-O Nbd7 8. f4 exf4
9. Nxf4 Bd6 10. Qf3 O-O 11. g4 h6 12. a3 Ne5 13. Qf2 Nh7 14. d4 Ng6 15. c4 dxc4
16. Nxg6 fxg6 17. Qc2 Rxf1+ 18. Bxf1 Qh4 19. Qf2 Bg3 20. Qg2 Bxg4 21. Nd2 Ng5
0-1

[Event "Orsha Open A 2018"]
[Site "Orsha"]
[Date "2018.02.04"]
[Round "9.3"]
[White "Moskalenko, Alexander"]
[Black "Zhigalko, Sergei"]
[Result "1/2-1/2"]
[WhiteElo "2522"]
[BlackElo "2620"]
[PlyCount "51"]
[EventDate "2018.01.29"]
[EventType "swiss"]
[EventRounds "9"]
[EventCountry "BLR"]

1. e4 c5 2. Nf3 e6 3. g3 Nc6 4. Bg2 Nf6 5. Qe2 Be7 6. c3 O-O 7. O-O d5 8. e5
Nd7 9. d4 a5 10. a4 b6 11. Re1 Ba6 12. Qd1 cxd4 13. cxd4 b5 14. axb5 Bxb5 15.
Nc3 Ba6 16. h4 Qb6 17. Bf1 Bxf1 18. Rxf1 Rab8 19. Qd3 Rfc8 20. Rd1 Nb4 21. Qe2
Rc4 22. Be3 Nc6 23. Rd2 Qb7 24. Qd1 Rb4 25. Na4 Rc4 26. h5 1/2-1/2

[Event "Orsha Open A 2018"]
[Site "Orsha"]
[Date "2018.02.04"]
[Round "9.4"]
[White "Shvyrjov, Igor"]
[Black "Badelka, Olga"]
[Result "1/2-1/2"]
[WhiteElo "2389"]
[BlackElo "2399"]
[PlyCount "21"]
[EventDate "2018.01.29"]
[EventType "swiss"]
[EventRounds "9"]
[EventCountry "BLR"]

1. d4 d5 2. c4 c6 3. cxd5 cxd5 4. Nf3 Nf6 5. Nc3 e6 6. Bf4 Bd6 7. Bg3 Nc6 8. e3
O-O 9. Bd3 a6 10. Rc1 Re8 11. O-O 1/2-1/2

[Event "Orsha Open A 2018"]
[Site "Orsha"]
[Date "2018.02.04"]
[Round "9.5"]
[White "Meribanov, Vitaly"]
[Black "Kramich, Aliaksei"]
[Result "1/2-1/2"]
[WhiteElo "2396"]
[BlackElo "2173"]
[PlyCount "125"]
[EventDate "2018.01.29"]
[EventType "swiss"]
[EventRounds "9"]
[EventCountry "BLR"]

1. e4 e5 2. Nf3 Nc6 3. Bb5 a6 4. Ba4 f5 5. d3 fxe4 6. dxe4 Nf6 7. O-O Bc5 8.
Bg5 d6 9. Nc3 O-O 10. Nd5 Kh8 11. c3 Ne7 12. Nh4 Be6 13. Bb3 Qd7 14. Nxf6 gxf6
15. Bh6 Rf7 16. Kh1 Ng6 17. Nf5 Ne7 18. Ng3 Ng8 19. Be3 Bxe3 20. fxe3 Ne7 21.
Qh5 Raf8 22. Bxe6 Qxe6 23. Nf5 Nxf5 24. Qxf5 Qxf5 25. Rxf5 Rg7 26. h3 Rg5 27.
Rf2 Kg7 28. Kh2 Rg6 29. a4 b6 30. b4 Kf7 31. a5 b5 32. c4 bxc4 33. Rc1 Ke6 34.
Rxc4 Rg7 35. Rc6 Ra8 36. Rfc2 Ra7 37. g4 Kd7 38. R6c4 Rb7 39. Rc6 Ra7 40. Rc1
Rg8 41. R6c4 Rb7 42. Kg3 h5 43. Rf1 Ke6 44. Rf5 hxg4 45. hxg4 Rc8 46. g5 fxg5
47. Rxg5 Kf6 48. Rf5+ Ke7 49. Rh5 Rg8+ 50. Kf3 Kf7 51. Ke2 Rg1 52. Rh7+ Rg7 53.
Rh8 Rg8 54. Rh1 Ke7 55. Kd3 Re8 56. Rh7+ Kd8 57. Rc6 Re7 58. Rxe7 Kxe7 59. Kc4
Ra7 60. Kb3 Kd7 61. Rc1 Rb7 62. Ka4 Rb5 63. Rh1 1/2-1/2

[Event "Orsha Open A 2018"]
[Site "Orsha"]
[Date "2018.02.04"]
[Round "9.6"]
[White "Sarbay, Aleksandr"]
[Black "Petrov, Dmitri"]
[Result "0-1"]
[WhiteElo "2155"]
[BlackElo "2222"]
[PlyCount "98"]
[EventDate "2018.01.29"]
[EventType "swiss"]
[EventRounds "9"]
[EventCountry "BLR"]

1. e4 d5 2. exd5 Qxd5 3. Nc3 Qd8 4. d4 Nf6 5. Nf3 Bg4 6. h3 Bxf3 7. Qxf3 c6 8.
Be3 e6 9. Bd3 Qa5 10. O-O Nbd7 11. a3 Bd6 12. Ne4 Nxe4 13. Bxe4 Nf6 14. Bd3 O-O
15. c4 Qc7 16. Rad1 Rfe8 17. Bg5 Be7 18. Bf4 Bd6 19. Bg5 Nd7 20. Qe4 g6 21. b4
a6 22. Rfe1 Bf8 23. h4 Bg7 24. h5 Nf6 25. Bxf6 Bxf6 26. Bc2 Re7 27. Qf3 Bg7 28.
Bb3 Rd8 29. d5 cxd5 30. cxd5 e5 31. Rc1 Qd6 32. Re4 f5 33. Rec4 e4 34. Qe2 Be5
35. Rc8 Kg7 36. Qc4 Rxc8 37. Qxc8 Bd4 38. Qc4 Qb6 39. Rc2 e3 40. fxe3 Bxe3+ 41.
Kf1 Qf6 42. Qc3 Bd4 43. Qh3 Qe5 44. Qh4 Be3 45. d6 Qxd6 46. Re2 Re4 47. h6+ Kf8
48. Qh3 Qd3 49. Bc2 Rf4+ 0-1

[Event "Orsha Open A 2018"]
[Site "Orsha"]
[Date "2018.02.04"]
[Round "9.7"]
[White "Malakhatko, Vadim"]
[Black "Kotau, Arseni"]
[Result "1-0"]
[WhiteElo "2541"]
[BlackElo "2094"]
[PlyCount "127"]
[EventDate "2018.01.29"]
[EventType "swiss"]
[EventRounds "9"]
[EventCountry "BLR"]

1. d4 Nf6 2. c4 g6 3. Nc3 Bg7 4. e4 d6 5. Nf3 O-O 6. Be2 c6 7. O-O e5 8. Re1
exd4 9. Nxd4 Nbd7 10. Bg5 Qc7 11. Qd2 Re8 12. f3 d5 13. cxd5 cxd5 14. Ndb5 Qb6+
15. Be3 Qa5 16. Nxd5 Qxd2 17. Nxf6+ Bxf6 18. Bxd2 Be5 19. Rac1 Nf8 20. Nc7 Bxc7
21. Rxc7 Ne6 22. Rc3 Bd7 23. Be3 Bc6 24. Kf2 Red8 25. Rd1 Rxd1 26. Bxd1 Rd8 27.
Bb3 a6 28. g4 Kg7 29. h4 h6 30. Rc1 Rd7 31. Bc4 Rd8 32. a3 Kh7 33. b3 Kg7 34.
a4 h5 35. gxh5 gxh5 36. a5 Kf8 37. b4 Ke7 38. Bxa6 Bxe4 39. Be2 Bd5 40. b5 f5
41. Rd1 f4 42. Bb6 Rd6 43. Rd2 Kd7 44. Bf1 Bb3 45. Rxd6+ Kxd6 46. Bd3 Bd5 47.
a6 bxa6 48. bxa6 Kc6 49. Ba7 Kc7 50. Kg2 Kc8 51. Bf2 Kb8 52. Bg6 Ng7 53. Bd4
Ne6 54. Be5+ Ka7 55. Bxh5 Kxa6 56. Bg4 Kb7 57. h5 Kc6 58. h6 Ng5 59. Bxf4 Nh7
60. Bf5 Bg8 61. Be5 Kd5 62. f4 Nf8 63. Kg3 Bh7 64. Kg4 1-0

[Event "Orsha Open A 2018"]
[Site "Orsha"]
[Date "2018.02.04"]
[Round "9.8"]
[White "Vashchilov, Sergey"]
[Black "Tihonov, Jurij"]
[Result "0-1"]
[WhiteElo "2149"]
[BlackElo "2371"]
[PlyCount "80"]
[EventDate "2018.01.29"]
[EventType "swiss"]
[EventRounds "9"]
[EventCountry "BLR"]

1. e4 c5 2. b3 Nf6 3. Nc3 d6 4. Bb5+ Nbd7 5. Bb2 e6 6. Qe2 a6 7. Bxd7+ Bxd7 8.
f4 Bc6 9. d3 Be7 10. Nf3 O-O 11. O-O-O b5 12. Rdg1 d5 13. e5 Nd7 14. g4 a5 15.
h4 a4 16. f5 b4 17. Nb1 axb3 18. axb3 Ra2 19. g5 exf5 20. e6 Bd6 21. exd7 Bf4+
22. Nfd2 d4 23. Rh3 Qxd7 24. Re1 Raa8 25. Qf2 Rfe8 26. Rf1 Be3 27. Qxf5 Qxf5
28. Rxf5 Bd7 29. Rhf3 Bxf5 30. Rxf5 Ra2 31. Kd1 Rxb2 32. Rxc5 Ra2 33. Rc4 Ra1
34. Rxb4 Bxd2 35. Kxd2 Rxb1 36. Rxd4 f5 37. gxf6 gxf6 38. Rf4 Kf7 39. d4 Rg8
40. d5 Rg2+ 0-1